00437nam a2200109Ia 4500008004100000050002400041100002900065245008600094260008600180300003400266521002700300140724s9999 xx 000 0 und d aTD 56.8b.L776 2013 aLittaua, Jose Roberto A. aAutomated Library System for Veritas Parochial School /cJose Roberto A. Littaua. aLas Piñas, Philippines :bSouthville International School and Colleges,cc2013. a127 p. :bcol. Ill. ;c28 cm. aInformation Technology